000 00648nam a2200217 a 4500
001 000042550
005 20201002040229.0
008 140127s1998 sp 000 0 spa d
020 _a844870925X
040 _aDO-SdBNP
_bspa
_cBNPHU
041 1 7 _aspa
_heng
082 _axxx
_bxxx
100 1 _aBussagli, Mario,
_d1917-1988.
_969792
240 1 0 _aAttila
_lEspañol
245 1 0 _aAtila /
_cMario Bussagli ; traducción, Eugenio Gallego.
260 _aMadrid :
_bAltaya,
_c1998.
300 _a235 p. ;
_c21 cm.
490 1 _aGrandes obras de historia
_v76
700 1 2 _aGallego, Eugenio
_etr.
_969793
830 0 _aGrandes obras de historia
_n76
_969794
999 _c42039
_d42039